000 00578nam a22002177a 4500
003 UA-OsUOA
001 78780
007 ta
008 20111020b un ||||| |||| 00| 0 ukr d
100 _aШвецов Ю.
090 _a330
_bШ35
942 _cSA
040 _aUA-OsUOA
_brus
_cUA-OsUOA
_dUA-OsUOA
245 _aТеория и методология бюджета как общественного достояния
300 _aС.106-115
955 _a0
041 _arus
080 _a330
773 0 _w78778
650 7 _a330 Економіка взагалі
_2UDC
999 _c365096
_d365096